| 000 | 00469nam a22001337a 4500 | ||
|---|---|---|---|
| 040 | _cNUST | ||
| 082 | _a220 PRO | ||
| 100 |
_aMuhammad Ali Asif Muhammad Nabil Ahmad Saleem Shahzad _9130879 |
||
| 110 |
_aProject Supervisor Lec Furqan Haider _9130880 |
||
| 245 | _aPR-SOF-2546-REAL TIME VEHICLE TO EVERYTHING COMMUNICATION(V2X) FOR INTELLIGENT TRANSPORT SYSTEM | ||
| 260 |
_aISLAMABAD: _bNUST COLLEGE OF EME, _c2025. |
||
| 650 |
_aDE-ELECT-43 _9130873 |
||
| 942 |
_2ddc _cPR |
||
| 999 |
_c615038 _d615038 |
||